Non-Linear Mechanics of Materials

There currently exists a significant gap between materials models used by engineers and the ones available in research laboratories. Knowledge transfer must be facilitated by software development and databases, but also by information and teaching. From that perspective, Nonlinear Mechanics of Mater...

Πλήρης περιγραφή

Λεπτομέρειες βιβλιογραφικής εγγραφής
Κύριοι συγγραφείς: Besson, Jacques (Συγγραφέας), Cailletaud, Georges (Συγγραφέας), Chaboche, Jean-Louis (Συγγραφέας), Forest, Samuel (Συγγραφέας)
Συγγραφή απο Οργανισμό/Αρχή: SpringerLink (Online service)
Μορφή: Ηλεκτρονική πηγή Ηλ. βιβλίο
Γλώσσα:English
Έκδοση: Dordrecht : Springer Netherlands, 2010.
Σειρά:Solid Mechanics and Its Applications, 167
Θέματα:
Διαθέσιμο Online:Full Text via HEAL-Link
LEADER 02700nam a22004935i 4500
001 978-90-481-3356-7
003 DE-He213
005 20151125231636.0
007 cr nn 008mamaa
008 100301s2010 ne | s |||| 0|eng d
020 |a 9789048133567  |9 978-90-481-3356-7 
024 7 |a 10.1007/978-90-481-3356-7  |2 doi 
040 |d GrThAP 
050 4 |a TA405-409.3 
050 4 |a QA808.2 
072 7 |a TG  |2 bicssc 
072 7 |a TEC009070  |2 bisacsh 
072 7 |a TEC021000  |2 bisacsh 
082 0 4 |a 620.1  |2 23 
100 1 |a Besson, Jacques.  |e author. 
245 1 0 |a Non-Linear Mechanics of Materials  |h [electronic resource] /  |c by Jacques Besson, Georges Cailletaud, Jean-Louis Chaboche, Samuel Forest. 
264 1 |a Dordrecht :  |b Springer Netherlands,  |c 2010. 
300 |a XVIII, 433 p.  |b online resource. 
336 |a text  |b txt  |2 rdacontent 
337 |a computer  |b c  |2 rdamedia 
338 |a online resource  |b cr  |2 rdacarrier 
347 |a text file  |b PDF  |2 rda 
490 1 |a Solid Mechanics and Its Applications,  |x 0925-0042 ;  |v 167 
505 0 |a General concepts -- 3D plasticity and viscoplasticity -- to damage mechanics -- Elements of microstructural mechanics -- Inelastic constitutive laws at finite deformation -- Nonlinear structural analysis -- Strain localization phenomena. 
520 |a There currently exists a significant gap between materials models used by engineers and the ones available in research laboratories. Knowledge transfer must be facilitated by software development and databases, but also by information and teaching. From that perspective, Nonlinear Mechanics of Materials offers an update of the knowledge necessary to understand and use the most recent models of materials behavior and damage in structures. After presenting numerical tools, and classical plasticity and viscoplasticity, this work provides a description of damage mechanics, heterogeneous materials mechanics, finite strain, nonlinear structural analysis and strain localization phenomena, by seeking equilibrium between a theoretical approach and real materials models. 
650 0 |a Engineering. 
650 0 |a Continuum mechanics. 
650 1 4 |a Engineering. 
650 2 4 |a Continuum Mechanics and Mechanics of Materials. 
700 1 |a Cailletaud, Georges.  |e author. 
700 1 |a Chaboche, Jean-Louis.  |e author. 
700 1 |a Forest, Samuel.  |e author. 
710 2 |a SpringerLink (Online service) 
773 0 |t Springer eBooks 
776 0 8 |i Printed edition:  |z 9789048133550 
830 0 |a Solid Mechanics and Its Applications,  |x 0925-0042 ;  |v 167 
856 4 0 |u http://dx.doi.org/10.1007/978-90-481-3356-7  |z Full Text via HEAL-Link 
912 |a ZDB-2-ENG 
950 |a Engineering (Springer-11647)